Sports Quiz

Random Sports or Soccer Quiz

Goalkeepers International Caps Since 1990: Part VI Quiz Stats

Quiz not verified by Sporcle

Score 0/91 Timer 10:00
1 Play Today
% Correct
Petr Čech
94.4%
Marek Čech
94.1%
Stipe Pletikosa
86.7%
Igor Akinfeev
82.9%
Vyacheslav Malafeev
59.9%
Vladimir Stojković
51.9%
Dražen Ladić
50.4%
Pavel Srníček
46.6%
Ivica Kralj
44%
Danijel Subašić
43.1%
Vedran Runje
42.8%
Tomislav Butina
41.3%
Petr Kouba
40.4%
Dmitri Kharine
39.2%
Sergei Ovchinnikov
34.5%
Ruslan Nigmatullin
34.2%
Stanislav Cherchesov
28.6%
Dragoslav Jevrić
27.4%
Lovre Kalinić
25.6%
Marijan Mrmić
22.1%
Jaromír Blažek
21.8%
Jaroslav Drobný
20.6%
Jan Laštůvka
20.4%
Joey Didulica
18.3%
Saša Ilić
18%
Radiša Ilić
18%
Aleksandr Filimonov
17.7%
Ivan Vargić
17.6%
Vladimir Gabulov
17.4%
Vladimir Vasilj
17.1%
Aleksandar Kocić
16.5%
% Correct
Yuri Lodygin
16%
Daniel Zítka
15.9%
Luděk Mikloško
15.6%
Željko Brkić
15.3%
Tomáš Koubek
15.2%
Tonči Gabrić
15%
Radek Černý
15%
Jan Stejskal
14.5%
Dragoje Leković
13.9%
Bojan Jorgačević
13.3%
Oliver Kovačević
13%
Saša Petrović
12.7%
Bojan Isailović
12.4%
Anđelko Đuričić
12.1%
Sergei Ryzhikov
11.5%
Zvonko Milojević
10.9%
Predrag Rajković
10.6%
Tomáš Poštulka
9.7%
Antonín Kinský
9.7%
Guilherme
9.6%
Mario Galinović
8.8%
Damir Kahriman
7.7%
Tomáš Vaclík
6.5%
Marek Štěch
6.4%
Ladislav Maier
5.9%
Anton Shunin
5.6%
Artyom Rebrov
5.6%
Ivan Turina
5.3%
Dario Krešić
5.3%
Vladimir Dišljenković
5.3%
Vlada Avramov
5.3%
% Correct
Željko Cicović
5%
Željko Pavlović
4.7%
Antonio Ježina
4.1%
Dragan Žilić
4.1%
Fahrudin Omerović
4.1%
Milan Lukač
4%
Stanislav Kritsyuk
4%
Martin Vaniak
3.8%
Veniamin Mandrykin
3.8%
Zoran Slavica
3.5%
Radovan Radaković
2.9%
Tomáš Grigar
2.7%
Bojan Šaranov
2.7%
Branimir Aleksić
2.7%
Vukašin Poleksić
2.4%
Miroslav Žitnjak
2.1%
Goran Pandurović
2.1%
Zaur Khapov
2.1%
Zdeněk Zlámal
1.8%
Milan Jovanić
1.8%
Andrei Novosadov
1.8%
Saša Stevanović
1.5%
Andrei Chichkin
1.5%
Žarko Lučić
1.2%
Predrag Ristović
1.2%
Aleksandr Podshivalov
1.2%
Zoran Banović
0.9%
Valeri Chizhov
0.9%
Nenad Džodić
0.6%

You're not logged in!

Compare scores with friends on all Sporcle quizzes.
Join for Free
OR
Log In

You Might Also Like...

Show Comments

Extras

Top Quizzes Today


Score Distribution

Your Account Isn't Verified!

In order to create a playlist on Sporcle, you need to verify the email address you used during registration. Go to your Sporcle Settings to finish the process.

Report this User

Report this user for behavior that violates our Community Guidelines.

Details: